000 00398nam a2200145Ia 4500
008 100204s9999 xx 000 0 und d
082 _b21563
100 _aBLATTER E/ MILLARD WALTER
245 _aSOME BEAUTIFUL INDIAN TREES
260 _bBBOMBAY NETURAL HISTORY SOC.
_c1977
300 _a165
630 _aSOME BEAUTIFUL INDIAN TREES
730 _aSOME BEAUTIFUL INDIAN TREES
942 _cBOOK
999 _c466452
_d466449